Top 7 zoo w Polsce - Statystyki

Ogólne statystyki
  • Ten quiz został rozwiązany 91 razy
  • Średni wynik to 3 z 7
Statystyki odpowiedzi
Hint Odpowiedź % Poprawnych
1 Wrocław
100%
5 Łódź
71%
6 Chorzów
35%
2 Opole
35%
3 Bałtów
4%
7 Poddębice
4%
4 Wilkowice
4%
Nie znaleziono quizów pasujących do podanych kryteriów
Rozkład punktacji
Procent ludzi z każdym wynikiem
Percentyl według liczby udzielonych odpowiedzi
Twoja historia wyników
Nie rozwiązałeś tego quizu